000
00256nam a2200097Ia 4500
001
1251705
005
20251031150920.0
008
251031s9999 xx 000 0 und d
245
0
_c
MARKENZİE CADENHEAD
_a
Ş-1 YENİ YIL HEDİYESİ
260
_b
BETA YAYINLARI
999
_c
1251705
_d
1251705